Pranie špinavých peňazí
Saved in:
| Main Author: | |
|---|---|
| Format: | Book |
| Language: | Slovak |
| Published: |
Bratislava
EPOS
2001
|
| Subjects: | |
| Tags: |
No Tags, Be the first to tag this record!
|
MARC
| LEADER | 00000nam a2200000 4500 | ||
|---|---|---|---|
| 001 | c129697 | ||
| 005 | 20221124104746.4 | ||
| 020 | |a 80-8057-410-3 | ||
| 041 | 0 | |a slo | |
| 044 | |a SK | ||
| 245 | 1 | 0 | |a Pranie špinavých peňazí |c Jozef Stieranka |
| 264 | 1 | |a Bratislava |b EPOS |c 2001 | |
| 300 | |a 320 s. | ||
| 610 | 2 | 0 | |a peniaze |
| 610 | 2 | 0 | |a banky |
| 610 | 2 | 0 | |a bankovníctvo |
| 610 | 2 | 0 | |a právo |
| 610 | 2 | 0 | |a legislatíva |
| 610 | 2 | 0 | |a pranie špinavých peňazí |
| 610 | 2 | 0 | |a činnosť trestná |
| 610 | 2 | 0 | |a príjmy bezprácne |
| 610 | 2 | 0 | |a legalizácia |
| 610 | 2 | 0 | |a zákony |
| 100 | 1 | |a Stieranka, Jozef | |